Category Elimination - NBA #2 - Statistics

General Stats
  • This quiz has been taken 13,236 times
  • The average score is 14 of 20
Answer Stats
Group # Category % Correct
Green 30 A NBA Team
100%
Green 24 ... which never played in BAA
93%
Green 7 ... for which Vince Carter played for
91%
Orange 63 A Kobe Bryant's teammate during an All-Star Game
89%
Green 3 ... which has won one NBA Title
88%
Blue 36 A player who completed a 30+ Points/G season
83%
Purple 253 A LeBron James' teammate or ex-teammate
80%
Purple 33 ... who is an All-Star
80%
Blue 18 ... who never played in the 21st century
78%
Purple 16 ... who is at least 6-8 (203 cm) tall
78%
Purple 11 ... who is a NBA Champion
78%
Orange 15 ... who never played in the eastern conference
74%
Blue 6 ... who played as a guard
62%
Blue 3 ... who had at least one triple-double
60%
Purple 1 ... who is a MVP Shaquille O'Neal
60%
Green 1 ... which has been created in the 1980's Dallas Mavericks
53%
Orange 7 ... but hasn't played for only one team
50%
Blue 1 ... who became a coach and an executive Jerry West
40%
Orange 3 ... who has been draft before 2000
37%
Orange 1 ... who has been NBA assists leader for multiple seasons Steve Nash
33%
No matching quizzes found
Score Distribution
Percent of People with Each Score
Percentile by Number Answered
Your Score History
You have not taken this quiz